000 00431nam a2200169Ia 4500
005 20260429111943.0
008 260429s9999||||xx |||||||||||||| ||und||
020 _a9789370442849
041 _aEnglish
082 _a577
_bPAN
100 _aPandey, Mahesh
245 0 _aEnvironmental ecology /
_cMahesh Pandey
260 _aNew Delhi :
_bAsia Publishers,
_c2025.
300 _aix, 252 p.; hb
650 _aEcology
942 _cTB
999 _c51595
_d51595